[Event "HUN-chT2 Charousek 0607"]
[Site "Hungary"]
[Date "2007.03.04"]
[Round "6"]
[White "Rapport, Richard"]
[Black "Papp, Nandor"]
[Result "1-0"]
[WhiteElo "2012"]
[BlackElo "2139"]
[PlyCount "41"]
[EventDate "2006.11.12"]
[EventType "team"]
[EventRounds "11"]
[EventCountry "HUN"]
[SourceTitle "EXT 2008"]
[Source "ChessBase"]
[SourceDate "2007.11.25"]
[SourceVersion "1"]
[SourceVersionDate "2007.11.25"]
[SourceQuality "1"]
[WhiteTeam "Lovo"]
[BlackTeam "Nagykanizsa II"]
[WhiteTeamCountry "HUN"]
[BlackTeamCountry "HUN"]

1. e4 d6 2. d4 e5 3. Nf3 Nd7 4. Bc4 Be7 5. dxe5 Nxe5 6. Nxe5 dxe5 7. Qh5 g6 8. Qxe5 f6 9. Qb5+ c6 10. Qb3 Kd7 11. 0-0 Qf8 12. Be6+ Kc7 13. Bf4+ Bd6 14. Bxd6+ Kxd6 15. Qa3+ c5 16. Bd5 Kc7 17. Nc3 Bd7 18. Qa5+ Kc8 19. Rfd1 Qe7 20. Nb5 Bxb5 21. Be6+ 1-0

[Event "HUN-chT2 Charousek 0607"]
[Site "Hungary"]
[Date "2006.12.17"]
[Round "4"]
[White "Heiligermann, Gabor"]
[Black "Papp, Nandor"]
[Result "0-1"]
[WhiteElo "2112"]
[BlackElo "2139"]
[PlyCount "92"]
[EventDate "2006.11.12"]
[EventType "team"]
[EventRounds "11"]
[EventCountry "HUN"]
[SourceTitle "EXT 2008"]
[Source "ChessBase"]
[SourceDate "2007.11.25"]
[SourceVersion "1"]
[SourceVersionDate "2007.11.25"]
[SourceQuality "1"]
[WhiteTeam "Tapolca"]
[BlackTeam "Nagykanizsa II"]
[WhiteTeamCountry "HUN"]
[BlackTeamCountry "HUN"]

1. c4 e5 2. Nc3 Nf6 3. g3 c6 4. d4 exd4 5. Qxd4 Be7 6. Bg2 0-0 7. Bf4 Na6 8. e4 Re8 9. 0-0-0 Bc5 10. Qd2 Ng4 11. Nh3 Qa5 12. Rhe1 Bb4 13. f3 Ne5 14. Bxe5 Rxe5 15. Re3 Nc5 16. Qc2 Qb6 17. Kb1 a5 18. Nf4 Na4 19. Red3 Bxc3 20. Rxc3 Nxc3+ 21. Qxc3 f6 22. Nd3 Re8 23. c5 Qc7 24. f4 b5 25. e5 Rf8 26. Bh3 f5 27. g4 fxg4 28. Bxg4 Qd8 29. Qd4 Qe7 30. f5 Qf7 31. Nf4 Qc4 32. b3 Qxd4 33. Rxd4 a4 34. b4 Re8 35. e6 dxe6 36. fxe6 Ra7 37. Rd6 Rc7 38. Nd3 Rce7 39. Nf4 Rf8 40. Nd3 Bb7 41. Kc2 g6 42. Rd7 Rxd7 43. exd7 Kf7 44. Kd2 Ke7 45. Ke3 h5 46. Ne5 Kf6 0-1